logo

Bir Sreshtho Munshi Abdur Rouf Library
Jhenaidah Cadet College

Teaching arithmetic for understanding / (Record no. 7523)

MARC details
000 -LEADER
fixed length control field 00880cam a22002891 4500
001 - CONTROL NUMBER
JCCL Control Number 7523
003 - CONTROL NUMBER IDENTIFIER
JCCL marc code BD-JhCC
005 - DATE AND TIME OF LATEST TRANSACTION
control field 20181006121244.0
008 - FIXED-LENGTH DATA ELEMENTS--GENERAL INFORMATION
fixed length control field 730103s1958 nyua b 000 0 eng
035 ## - SYSTEM CONTROL NUMBER
system control number (BD-JhCC)7523
035 ## - SYSTEM CONTROL NUMBER
system control number (OCoLC)527687
040 ## - CATALOGING SOURCE
Original cataloging agency DLC
Transcribing agency ODaWU
Modifying agency OCoLC
-- Uk
-- DLC
-- BD-JhCC
041 ## - LANGUAGE CODE
Language code of Book eng
050 00 - LIBRARY OF CONGRESS CALL NUMBER
Classification number QA135
Item number .M313
082 ## - DEWEY DECIMAL CLASSIFICATION NUMBER
Classification number 372.7
Author mark and Year MAR 1958
100 1# - MAIN ENTRY--PERSONAL NAME
Personal name Marks, John L.
245 10 - TITLE STATEMENT
Title Teaching arithmetic for understanding /
Statement of responsibility, etc John L. Marks, C. Richard Purdy [and] Lucien B. Kinney.
260 ## - PUBLICATION, DISTRIBUTION, ETC. (IMPRINT)
Place of publication, distribution, etc New York,
Name of publisher, distributor, etc McGraw-Hill,
Date of publication, distribution, etc 1958.
300 ## - PHYSICAL DESCRIPTION
Pagination 429 p.
Other physical details illus.
Dimensions 24 cm.
490 0# - SERIES STATEMENT
Series statement McGraw-Hill series in education. Curriculum and methods in education
504 ## - BIBLIOGRAPHY, ETC. NOTE
Bibliography, etc Includes references.
650 #0 - SUBJECT ADDED ENTRY--TOPICAL TERM
Topical term or geographic name as entry element Arithmetic
General subdivision Study and teaching.
700 ## - ADDED ENTRY--PERSONAL NAME
Personal name Purdy, C. Richard
700 ## - ADDED ENTRY--PERSONAL NAME
Personal name Kinney, Lucien B.
942 ## - ADDED ENTRY ELEMENTS (KOHA)
Source of classification or shelving scheme Dewey Decimal Classification
Koha item type Books
Holdings
Source of classification or shelving scheme Damaged status Not for loan Home library Current library Shelving location Total Checkouts Full call number Barcode Date last seen Copy number Koha item type
Dewey Decimal Classification     JCC Rouf Library JCC Rouf Library General Stacks   372.7 MAR 1958 935 02/11/2018 C - 1 Books

JCC Library | Contacts | JCC Home

Last Update on 23 September 2017
Copyright @ 2017-2020 JCC Rouf Library
Rouf Library, Jhenidah Cadet College (JCC), Bangladesh